Southville International School and Colleges
Your cart is empty.
  • Cart
  • Lists
    Public lists Eva Luna New books Lux_list list_1
    Your lists Log in to create your own lists
  • Log in to your account
  • Your cookies
  • Search history
Southville International School and Colleges
  • Advanced search
  • Recent comments
  • Most popular
  • Libraries

Log in to your account

Log in with GOOGLE


If you do not have an external account, but do have a local account, you can still log in:

  1. Home
  2. MARC view: The foundations of literacy /
Normal view MARC view ISBD view

The foundations of literacy / (Record no. 102377)

[ view plain ]
MARC details
000 -LEADER
fixed length control field 00481nam a2200169 a 4500
005 - DATE AND TIME OF LATEST TRANSACTION
control field 20140412111235.0
008 - FIXED-LENGTH DATA ELEMENTS--GENERAL INFORMATION
fixed length control field 010327s19uu xx 00 eng d
020 ## - INTERNATIONAL STANDARD BOOK NUMBER
International Standard Book Number 0-86896-014-4
050 ## - LIBRARY OF CONGRESS CALL NUMBER
Classification number TR(GS 372.414
Item number H71 1979
100 ## - MAIN ENTRY--PERSONAL NAME
Personal name Holdaway, Don
245 ## - TITLE STATEMENT
Title The foundations of literacy /
Statement of responsibility, etc Don Holdaway.
260 ## - PUBLICATION, DISTRIBUTION, ETC. (IMPRINT)
Place of publication, distribution, etc Syndey :
Name of publisher, distributor, etc Ashton Scholastic,
Date of publication, distribution, etc 1979.
300 ## - PHYSICAL DESCRIPTION
Extent 231 p.
500 ## - GENERAL NOTE
General note Iclude inndex and bibliography
650 ## - SUBJECT ADDED ENTRY--TOPICAL TERM
Topical term or geographic name as entry element Reading (Elementary)
Holdings
Withdrawn status Lost status Damaged status Home library Current library Shelving location Date acquired Source of acquisition Total Checkouts Full call number Barcode Date last seen Price effective from Koha item type
      Elizalde Library Elizalde Library Teachers Reference Section 03/27/2001     TR(GS 372.414 H71 1979 E1522 04/12/2014 04/12/2014 Books

The foundations of literacy /

APA

Holdaway D., . (1979). The foundations of literacy. Syndey: Ashton Scholastic.

Chicago

Holdaway Don, . 1979. The foundations of literacy. Syndey: Ashton Scholastic.

Harvard

Holdaway D., . (1979). The foundations of literacy. Syndey: Ashton Scholastic.

MLA

Holdaway Don, . The foundations of literacy. Syndey: Ashton Scholastic. 1979.

  • Place hold
  • Print
  • Cite
  • Add to your cart (remove)
  • Save record
    BIBTEX Dublin Core MARCXML MARC (non-Unicode/MARC-8) MARC (Unicode/UTF-8) MARC (Unicode/UTF-8, Standard) MODS (XML) RIS
  • More searches
    Search for this title in:
    Other Libraries (WorldCat) Other Databases (Google Scholar) Online Stores (Bookfinder.com) Open Library (openlibrary.org)

Exporting to Dublin Core...

SOUTHVILLE LIBRARY

Southville International School and Colleges Library

1281 Tropical Ave. Cor. Luxembourg St., BF Homes International, Las Pinas City

Tel. No. 8256374 / 252358 Loc. 117/146

Powered by Koha